Statistics for All First-Level Subdivisions of Anglosphere Countries

Click here to take the quiz!

General Stats

  • This quiz has been taken 210 times
  • The average score is 69 of 95

Answer Stats

CountrySubdivision% Correct
United KingdomEngland
93%
United KingdomNorthern Ireland
93%
United KingdomScotland
93%
United KingdomWales
93%
CanadaOntario
89%
United StatesAlaska
88%
CanadaQuebec
88%
New ZealandTasman
88%
CanadaBritish Columbia
87%
United StatesCalifornia
87%
AustraliaQueensland
87%
AustraliaTasmania
87%
United StatesTexas
87%
CanadaYukon
87%
United StatesAlabama
86%
CanadaAlberta
86%
CanadaNewfoundland and Labrador
86%
United StatesNew York
86%
AustraliaNew South Wales
85%
United StatesNorth Dakota
85%
United StatesSouth Dakota
85%
United StatesColorado
84%
United StatesHawaii
84%
United StatesMaine
84%
United StatesNew Mexico
84%
United StatesOhio
84%
CanadaSaskatchewan
84%
United StatesWashington
84%
United StatesArizona
83%
United StatesArkansas
83%
United StatesGeorgia
83%
United StatesIllinois
83%
United StatesIndiana
83%
United StatesMontana
83%
United StatesNorth Carolina
83%
CanadaPrince Edward Island
83%
United StatesSouth Carolina
83%
AustraliaWestern Australia
83%
United StatesDelaware
82%
United StatesFlorida
82%
United StatesIdaho
82%
United StatesMichigan
82%
United StatesMississippi
82%
United StatesNevada
82%
United StatesNew Hampshire
82%
CanadaNunavut
82%
United StatesOregon
82%
United StatesVermont
82%
United StatesVirginia
82%
United StatesWyoming
82%
United StatesConnecticut
81%
United StatesIowa
81%
United StatesKansas
81%
United StatesKentucky
81%
United StatesMaryland
81%
United StatesMassachusetts
81%
United StatesNebraska
81%
AustraliaNorthern Territory
81%
United StatesWest Virginia
81%
United StatesMissouri
80%
United StatesNew Jersey
80%
United StatesPennsylvania
80%
United StatesTennessee
80%
AustraliaVictoria
80%
AustraliaAustralian Capital Territory
79%
United StatesLouisiana
79%
CanadaManitoba
79%
United StatesMinnesota
79%
CanadaNorthwest Territories
79%
CanadaNova Scotia
79%
United StatesOklahoma
79%
United StatesRhode Island
79%
AustraliaSouth Australia
79%
United StatesWisconsin
79%
United StatesUtah
78%
New ZealandAuckland
74%
CanadaNew Brunswick
74%
New ZealandWellington
72%
IrelandUlster
49%
IrelandMunster
46%
IrelandLeinster
38%
IrelandConnacht
30%
New ZealandCanterbury
26%
New ZealandOtago
24%
New ZealandSouthland
24%
New ZealandBay of Plenty
23%
New ZealandGisborne
23%
New ZealandNelson
22%
New ZealandNorthland
22%
New ZealandWest Coast
22%
New ZealandHawke's Bay
21%
New ZealandWaikato
21%
New ZealandMarlborough
19%
New ZealandManawatū-Whanganui
18%
New ZealandTaranaki
18%

Score Distribution

Percentile by Number Answered

Percent of People with Each Score

Your Score History

You have not taken this quiz